Build your Own Electric Vehicle / (Record no. 11168)
[ view plain ]
| 000 -LEADER | |
|---|---|
| fixed length control field | 01591cam a2200325 a 4500 |
| 001 - CONTROL NUMBER | |
| control field | 15307921 |
| 005 - DATE AND TIME OF LATEST TRANSACTION | |
| control field | 20201128020734.0 |
| 008 - FIXED-LENGTH DATA ELEMENTS--GENERAL INFORMATION | |
| fixed length control field | 080528s2009 nyua b 001 0 eng |
| 010 ## - LIBRARY OF CONGRESS CONTROL NUMBER | |
| LC control number | 2008023313 |
| 020 ## - INTERNATIONAL STANDARD BOOK NUMBER | |
| International Standard Book Number | 9780071543736 (alk. paper) |
| 020 ## - INTERNATIONAL STANDARD BOOK NUMBER | |
| International Standard Book Number | 0071543732 (alk. paper) |
| 035 ## - SYSTEM CONTROL NUMBER | |
| System control number | (OCoLC)166372841 |
| 040 ## - CATALOGING SOURCE | |
| Original cataloging agency | DLC |
| Transcribing agency | DLC |
| Modifying agency | BTCTA |
| -- | BAKER |
| -- | YDXCP |
| -- | JED |
| -- | C#P |
| -- | BWX |
| -- | VP@ |
| -- | DLC |
| 050 00 - LIBRARY OF CONGRESS CALL NUMBER | |
| Classification number | TL220 |
| Item number | .B68 2009 |
| 082 00 - DEWEY DECIMAL CLASSIFICATION NUMBER | |
| Classification number | 629.2293 |
| Edition number | 22 |
| Item number | LEI |
| 100 1# - MAIN ENTRY--PERSONAL NAME | |
| Personal name | Leitman, Seth. |
| 9 (RLIN) | 3079 |
| 245 10 - TITLE STATEMENT | |
| Title | Build your Own Electric Vehicle / |
| Statement of responsibility, etc | Seth Leitman, Bob Brant. |
| 250 ## - EDITION STATEMENT | |
| Edition statement | 2nd ed. |
| 260 ## - PUBLICATION, DISTRIBUTION, ETC. (IMPRINT) | |
| Place of publication, distribution, etc | New York : |
| Name of publisher, distributor, etc | McGraw-Hill, |
| Date of publication, distribution, etc | c2009. |
| 300 ## - PHYSICAL DESCRIPTION | |
| Extent | xx, 329 p. : |
| Other physical details | ill. ; |
| Dimensions | 24 cm. |
| 500 ## - GENERAL NOTE | |
| General note | Rev. ed. of: Build your own electric vehicle / Bob Brant. c1994. |
| 504 ## - BIBLIOGRAPHY, ETC. NOTE | |
| Bibliography, etc | Includes bibliographical references and index. |
| 505 0# - FORMATTED CONTENTS NOTE | |
| Formatted contents note | Why electric vehicles are still right for today! -- Electric vehicles save the environment and energy -- Electric vehicle history -- The best electric vehicle for you -- Chassis and design -- Electric motors -- The controller -- Batteries -- The charger and electrical system -- Electric vehicle conversion -- Maximize your electric vehicle enjoyment -- Sources. |
| 650 #0 - SUBJECT ADDED ENTRY--TOPICAL TERM | |
| Topical term or geographic name as entry element | Electric vehicles |
| General subdivision | Design and construction |
| Form subdivision | Amateurs' manuals. |
| 9 (RLIN) | 3080 |
| 650 #0 - SUBJECT ADDED ENTRY--TOPICAL TERM | |
| Topical term or geographic name as entry element | Automobiles, Home-built. |
| 9 (RLIN) | 3081 |
| 700 1# - ADDED ENTRY--PERSONAL NAME | |
| Personal name | Brant, Bob. |
| 9 (RLIN) | 3082 |
| 700 1# - ADDED ENTRY--PERSONAL NAME | |
| Personal name | Brant, Bob. |
| Title of a work | Build your own electric vehicle. |
| 9 (RLIN) | 3083 |
| 942 ## - ADDED ENTRY ELEMENTS (KOHA) | |
| Source of classification or shelving scheme | Dewey Decimal Classification |
| Item type | Book - Borrowing |
| Withdrawn status | Item status | Source of classification or shelving scheme | Damaged status | Not for loan | Vendor | Home library | Current library | Shelving location | Date acquired | Source of acquisition | Cost, normal purchase price | Serial Enumeration / chronology | Total Checkouts | Total Renewals | Full call number | Barcode | Date last seen | Date last borrowed | Koha item type |
|---|---|---|---|---|---|---|---|---|---|---|---|---|---|---|---|---|---|---|---|
| Dewey Decimal Classification | Alahram | Central Library | Central Library | First floor | 02/04/2009 | 189.00 | 359 | 4 | 1 | 629.2293 LEI | 000015754 | 28/09/2025 | 17/06/2025 | Book - Borrowing |